Datum a čas kvízu
37.5
Celkem bodů
Celkový počet nahraných bodů na tomto kvízu bez doplňovacích otázek.
4.
Pořadí na kvízu
Konečné umístění týmu na tomto kvízu.
Zaznamenané odpovědi
| # | Otázka | Odpověď | Body | Výsledky |
|---|---|---|---|---|
| 1. | Napište čtyři slova, jimiž něk... | Společnost pro podporu Ukrajiny | 0 | |
| 2. | Která velká evropská země schv... | Francie | 1 | |
| 3. | Lístek na premiéru tohoto film... | Melania | 1 | |
| 4. | Který známý šéfkuchař oznámil... | Emanuele Ridi | 1 | |
| 5. | Brankář Anatolij Trubin v posl... | Benfica Lisabon | 1 | |
| 6. | Na obrázku níže můžete vidět d... | Drákula a Frankenstein | 0.5 | |
| 7. | Co by to bylo za hororové téma... | D | 0 | |
| 8. | Ze které (převážně videoherní)... | Silent Hill | 1 | |
| 9. | Přiřaďte herce a herečky k jej... | 1C 2A 3D 4B | 0 | |
| 10. | Čím je inspirován česko-americ... | D | 1 |